|
|
|
|
| LEADER |
01377nam a2200301 a 4500 |
| 001 |
31694 |
| 003 |
BD-DhAAL |
| 005 |
20241223144846.0 |
| 008 |
170601s2017 bg ||||| |||| 00| 1 ben d |
| 020 |
|
|
|a 9844600235
|
| 040 |
|
|
|a BD-DhAAL
|c BD-DhAAL
|
| 041 |
|
|
|a ben
|
| 082 |
|
|
|a 891.443
|2 23
|
| 100 |
|
|
|a জসীমউদ্দীন,
|d ১৯০৩-১৯৭৬.
|9 21679
|
| 245 |
|
|
|a বাঙালীর হাসির গল্প.
|n দ্বিতীয় খণ্ড /
|b জসীম উদ্দীন.
|
| 260 |
|
|
|a ঢাকা :
|b পলাশ প্রকাশনী,
|c ২০১৬.
|
| 300 |
|
|
|a ১০৪, xvi পৃষ্ঠা :
|c ২২ সে.মি.
|
| 362 |
|
|
|a Vol. 2
|
| 526 |
|
|
|a AAL
|
| 541 |
|
|
|e 31694, 31695
|
| 650 |
|
|
|a Short stories, Bengali.
|9 21680
|
| 650 |
|
|
|a Bengali wit and humor.
|
| 650 |
|
|
|a Bengali literature.
|
| 852 |
|
|
|a Ayesha Abed Library
|c General Stacks
|
| 942 |
|
|
|2 ddc
|c BK
|
| 999 |
|
|
|c 38053
|d 38053
|
| 952 |
|
|
|0 0
|1 0
|2 ddc
|4 0
|6 891_443000000000000_JAS
|7 0
|8 FIC
|9 60201
|a BRACUL
|b BRACUL
|c GEN
|d 2017-04-13
|e Paragon Enterprises
|g 158.00
|l 16
|m 53
|o 891.443 JAS
|p 3010031694
|r 2025-07-03
|s 2025-05-12
|t 1
|v 158.00
|w 2017-04-13
|y BK
|
| 952 |
|
|
|0 0
|1 0
|2 ddc
|4 0
|6 891_443000000000000_JAS
|7 0
|8 FIC
|9 60202
|a BRACUL
|b BRACUL
|c GEN
|d 2017-04-13
|e Paragon Enterprises
|g 158.00
|l 14
|m 111
|o 891.443 JAS
|p 3010031695
|r 2026-03-08
|s 2026-01-04
|t 2
|v 158.00
|w 2017-04-13
|y BK
|